000 00957nam a2200229 i 4500
001 29463
003 ES-MaACL
005 20250808232906.0
007 t|
008 030122s1865 sp ||||1| spa d
080 _a347(460.18)"1505"
100 1 _aBarcáiztegui y Uhagón, Xavier José de.
_925491
245 1 0 _aDiscurso leído en la Universidad Central por D. Xavier José de Barcáiztegui y Uhagón, en el acto de recibir la investidura de doctor en la Facultad de Derecho.
260 _aMadrid :
_b[s.n.,
_c1865] (
_fImp. y Estereotipia de M. Rivadeneyra)
300 _a44 p. ;
_c26 cm.
594 _aTema: Parte de bienes que pueden mandar los padres a los hijos ilegítimos. Ley de Toro
610 1 4 _aCastilla (Reino).
_tLeyes de Toro, 1505.
_9155910
650 7 _aHerencias y sucesiones-
_zEspaña
_2
_9162042
710 2 _aUniversidad Central (Madrid).
_bFacultad de Derecho.
_97090
852 4 _aES-MaACL
_jT-66-F-12
999 _c29463
_d29463